000 01003nas a2200313 4500
001 BR2013003903
003 BR-BrBNA
005 20231205122349.0
007 ta
008 230509b bl.|||p| |||| 00| 00por d
040 _aBR-BrBNA
_bpor
_cBiblioteca Nacional de Agricultura
041 _a(En)
072 _aL70; L74
100 1 _aMartins, B.C.
100 1 _aLima, F.S.
100 1 _aLaus, J.L.
100 1 _a
245 1 _aSimultaneous mode A and mode B echobiometry of senile cataractous eyes in dogs
246 1 _aSimultaneous mode A and mode B echobiometry of senile cataractous eyes in dogs
650 _aCÃO
650 _aBIOMETRIA
650 _aOLHO
650 _aCIRURGIA
650 _aCATARATA
773 0 _tArquivo Brasileiro de Medicina Veterinária e Zootecnia (Brazil)
_xISSN 0102-0935
_g(Feb 2010), v. 62(1) p. 42-46
_wBR2013003903
856 4 0 _uhttp://www.scielo.br/pdf/abmvz/v62n1/v62n1a06.pdf
909 _a202311
_bLúcia
_c55
_dLúcia Elande
942 _2AGRIS
_n0
_cANA
999 _c228267
_d228267